Lý thuyết sườn đơn
Αποθηκεύτηκε σε:
| Κύριος συγγραφέας: | |
|---|---|
| Μορφή: | Βιβλίο |
| Γλώσσα: | Undetermined |
| Έκδοση: |
Illinois
Urbana
1941
|
| Θέματα: | |
| Ετικέτες: |
Προσθήκη ετικέτας
Δεν υπάρχουν, Καταχωρήστε ετικέτα πρώτοι!
|
| Thư viện lưu trữ: | Trung tâm Học liệu Trường Đại học Cần Thơ |
|---|
| LEADER | 00460nam a2200169Ia 4500 | ||
|---|---|---|---|
| 001 | CTU_2537 | ||
| 008 | 210402s9999 xx 000 0 und d | ||
| 082 | |a 531.1 | ||
| 082 | |b S541 | ||
| 100 | |a Thomas Clark Shedd | ||
| 245 | 0 | |a Lý thuyết sườn đơn | |
| 245 | 0 | |c Thomas Clark Shedd, Bùi Văn Dậu | |
| 260 | |a Illinois | ||
| 260 | |b Urbana | ||
| 260 | |c 1941 | ||
| 650 | |a statics | ||
| 980 | |a Trung tâm Học liệu Trường Đại học Cần Thơ | ||